Culture Générale - Série 2585 - Statistiques

Statistiques générales
  • Ce quiz a été pris 121 fois
  • Le résultat moyen est 4 sur 10
Statistiques - réponses
Question Réponse % Correct
Quel fruit est une griotte ? cerise
82%
Quel anglicisme désigne un marché, arrangement entre deux personnes, deux parties deal
77%
Substance produite par des glandes situées dans le conduit auditif externe cérumen
62%
De quel pays Georgetown est-il la capitale ? Guyana
61%
Fourrure d'écureuil de Russie, de couleur grise ou blanche, connue particulièrement grâce aux chaussures de Cendrillon vair
56%
Étable à cochons - 4 lettres soue
35%
Arrêter quelque chose dans son action, sa propagation - 7 lettres - contenant un " y " enrayer
20%
Grand chapelet de quinze dizaines d'Ave précédées chacune d'un Pater rosaire
8%
Massif d'Asie centrale partagé entre le Tadjikistan, le Kirghizistan et, pour une moindre part, la Chine et l'Afghanistan Pamir
7%
Vaincre quelqu'un, le battre de façon manifeste - 8 lettres commençant par " é " étriller
6%
Aucun quiz correspondant
Distribution des résultats
% des personnes avec chaque résultat
Percentile par nombre de réponses
Votre historique - résultats
Vous n’avez pas pris ce quiz